| 000 | 00928nas a2200277 i 4500 | ||
|---|---|---|---|
| 001 | 1806 | ||
| 003 | ES-MaACL | ||
| 005 | 20250809062530.0 | ||
| 007 | t| | ||
| 008 | 950801c1925 sp | | 1 ||pa d | ||
| 022 | _a0210-0444 | ||
| 080 | _a347.235(460) | ||
| 245 | 0 | 0 |
_aRevista crítica de derecho inmobiliario / _c[dir. Jerónimo González y Martínez]. |
| 260 |
_aMadrid : _bPublicaciones Jurídicas, _c1925- |
||
| 300 |
_a42 v. ; _c24 cm. |
||
| 310 | _aMensual | ||
| 362 | 0 | _aAño I (1925)- | |
| 500 | _aNo se publicó de jun. 1936 a ene. 1940. | ||
| 525 | _aSe publica también un suplemento con la revista. | ||
| 650 | 1 | 7 |
_aDerecho _2embne _911602 |
| 650 | 4 |
_aPropiedad inmobiliaria- _zEspaña. _916487 |
|
| 700 | 1 |
_aGonzález y Martínez, Jerónimo, _edir. _959036 |
|
| 852 |
_aES-MaACL _jHEM-D-54 _xHem-1232 _d |
||
| 866 | 0 | _o1925-34(1935f.n.126)1936.1940-42(1943f.n.187)1944-1966. | |
| 999 |
_c1806 _d1806 |
||